<?xml version="1.0" encoding="UTF-8"?>
<record
    xmlns:xsi="http://www.w3.org/2001/XMLSchema-instance"
    xsi:schemaLocation="http://www.loc.gov/MARC21/slim http://www.loc.gov/standards/marcxml/schema/MARC21slim.xsd"
    xmlns="http://www.loc.gov/MARC21/slim">

  <leader>00531nam a22001337a 4500</leader>
  <controlfield tag="008">230626b        |||||||| |||| 00| 0 eng d</controlfield>
  <datafield tag="040" ind1=" " ind2=" ">
    <subfield code="a">National Science Library</subfield>
    <subfield code="c">National Science Library</subfield>
  </datafield>
  <datafield tag="080" ind1=" " ind2=" ">
    <subfield code="a">338.36(540)</subfield>
    <subfield code="b">Q3.1</subfield>
  </datafield>
  <datafield tag="245" ind1=" " ind2=" ">
    <subfield code="a">&#x92C;&#x93E;&#x930;&#x939;&#x935;&#x940;&#x902; &#x92A;&#x902;&#x91A;&#x935;&#x930;&#x94D;&#x937;&#x940;&#x92F; &#x92F;&#x94B;&#x91C;&#x928;&#x93E; (2012-2017):</subfield>
    <subfield code="b">&#x924;&#x940;&#x935;&#x94D;&#x930;, &#x905;&#x927;&#x93F;&#x915; &#x938;&#x92E;&#x93E;&#x935;&#x947;&#x936;&#x940; &#x924;&#x925;&#x93E; &#x927;&#x93E;&#x930;&#x923;&#x940;&#x92F; &#x935;&#x93F;&#x915;&#x93E;&#x938;</subfield>
  </datafield>
  <datafield tag="246" ind1=" " ind2=" ">
    <subfield code="a"> </subfield>
  </datafield>
  <datafield tag="260" ind1=" " ind2=" ">
    <subfield code="a">New Delhi: </subfield>
    <subfield code="b">Yojana Ayog Bharat Sarkar, </subfield>
    <subfield code="c">2013</subfield>
  </datafield>
  <datafield tag="300" ind1=" " ind2=" ">
    <subfield code="a">330p. </subfield>
  </datafield>
  <datafield tag="942" ind1=" " ind2=" ">
    <subfield code="2">udc</subfield>
    <subfield code="c">REF</subfield>
  </datafield>
  <datafield tag="999" ind1=" " ind2=" ">
    <subfield code="c">47400</subfield>
    <subfield code="d">47400</subfield>
  </datafield>
  <datafield tag="952" ind1=" " ind2=" ">
    <subfield code="0">0</subfield>
    <subfield code="1">0</subfield>
    <subfield code="2">udc</subfield>
    <subfield code="4">0</subfield>
    <subfield code="6">33836540_31</subfield>
    <subfield code="7">0</subfield>
    <subfield code="9">72260</subfield>
    <subfield code="a">NSL</subfield>
    <subfield code="b">NSL</subfield>
    <subfield code="c">GF/REF-1/C-5</subfield>
    <subfield code="d">2023-06-26</subfield>
    <subfield code="h">Part.1, 2013</subfield>
    <subfield code="l">0</subfield>
    <subfield code="o">338.36(540) 3.1</subfield>
    <subfield code="p">251836</subfield>
    <subfield code="r">2023-06-26 00:00:00</subfield>
    <subfield code="w">2023-06-26</subfield>
    <subfield code="y">REF</subfield>
  </datafield>
  <datafield tag="952" ind1=" " ind2=" ">
    <subfield code="0">0</subfield>
    <subfield code="1">0</subfield>
    <subfield code="2">udc</subfield>
    <subfield code="4">0</subfield>
    <subfield code="6">33836540_32</subfield>
    <subfield code="7">0</subfield>
    <subfield code="9">72261</subfield>
    <subfield code="a">NSL</subfield>
    <subfield code="b">NSL</subfield>
    <subfield code="c">GF/REF-1/C-5</subfield>
    <subfield code="d">2023-06-26</subfield>
    <subfield code="h">Part.1, 2013</subfield>
    <subfield code="l">0</subfield>
    <subfield code="o">338.36(540) 3.2</subfield>
    <subfield code="p">251837</subfield>
    <subfield code="r">2023-06-26 00:00:00</subfield>
    <subfield code="w">2023-06-26</subfield>
    <subfield code="y">REF</subfield>
  </datafield>
</record>
